000 00285nam a22001217a 4500
008 170130b xxu||||| |||| 00| 0 eng d
041 _aeng
080 _225th
_a61
100 _a3
101 _aSHM
245 _aDORLAND'S ILLUSTRATED MEDICAL DICTIONARY
_cSAUNDERS, W.B
942 _2udc
_cBK
999 _c3937
_d3937